000 00968cam a22003011i 4500
001 15802268
003 EG-ScBUE
005 20230227025925.0
008 090702t2010 sz ae d 000 0 eeng d
020 _a9783034600873
040 _aDLC
_beng
_erda
_cDLC
_dDLC
_dEG-ScBUE
082 0 4 _222
_a728.314
_bTYP
245 0 0 _aTypology+ /
_c[Editors] Peter Ebner [and four others]
264 1 _aBasel :
_bBirkhaeuser Verlag,
_c[2010]
264 4 _cc2010
300 _a431 pages :
_billustrations (chiefly color), plans ;
_c32 cm
336 _2rdacontent
_atext
_btxt
337 _2rdamedia
_aunmediated
_bn
338 _2rdacarrier
_avolume
_bnc
650 7 _913267
_aDwellings
_xDesign and construction.
_2BUEsh
650 7 _912548
_aArchitecture, Domestic.
_2BUEsh
650 7 _913268
_aApartment houses
_xDesigns and plans.
_2BUEsh
653 _bART
655 _vReading book
700 1 _913269
_aEbner, Peter,
_eeditor.
942 _2ddc
_cBB
999 _c13817
_d13817